|
|
|
|
| LEADER |
02039nam a22002897a 4500 |
| 001 |
32498 |
| 003 |
BD-DhAAL |
| 005 |
20250202163207.0 |
| 008 |
171130t1995 bg a|||| |||| 00| 0 eng d |
| 040 |
|
|
|a BD-DhAAL
|c BD-DhAAL
|
| 082 |
|
|
|2 22
|a 306.095492
|
| 245 |
|
|
|a Research reports
|f (1995)
|p social studies.
|n Volume XII.
|
| 260 |
|
|
|a Dhaka :
|b Bangladesh Rural Advancement Committee (BRAC),
|c 1995.
|
| 300 |
|
|
|a 240 pages :
|b illustrations ;
|c 30 cm.
|
| 362 |
|
|
|a Vol. 12
|
| 504 |
|
|
|a Includes bibliographical references
|
| 541 |
|
|
|e 32498,44024, 44025, 44026
|a Complimentary copy from Research and Evaluation Division (RED), BRAC
|
| 610 |
|
|
|a BRAC
|9 14405
|
| 651 |
|
|
|a Bangladesh
|x Social condition.
|9 24143
|
| 710 |
|
|
|a BRAC
|9 14405
|
| 852 |
|
|
|a Ayesha Abed Library
|c BRAC Resource Section
|
| 942 |
|
|
|2 ddc
|c BK
|
| 999 |
|
|
|c 38752
|d 38752
|
| 952 |
|
|
|0 0
|1 0
|2 ddc
|4 0
|6 306_095492000000000_RES
|7 1
|8 RPT
|9 62171
|a BRACUL
|b BRACUL
|c BRS
|d 2017-12-07
|e RED, BRAC
|l 0
|o 306.095492 RES
|p 3010032498
|r 2017-12-07
|t 1
|w 2017-12-07
|y BK
|x Price not available in register. RED, BRAC.
|
| 952 |
|
|
|0 0
|1 0
|2 ddc
|4 0
|6 306_095492000000000_RES
|7 0
|8 RPT
|9 77222
|a SCL
|b SCL
|c GEN
|d 2025-01-30
|e Complimentary copy from Research and Evaluation Division (RED), BRAC
|l 0
|o 306.095492 RES
|p 3020044025
|r 2025-01-30
|t 2
|w 2017-12-07
|y BK
|x Price not available in register. Complimentary copy from Research and Evaluation Division (RED), BRAC
|
| 952 |
|
|
|0 0
|1 0
|2 ddc
|4 0
|6 306_095492000000000_RES
|7 0
|8 RPT
|9 77223
|a SCL
|b SCL
|c GEN
|d 2025-01-30
|e Complimentary copy from Research and Evaluation Division (RED), BRAC
|l 0
|o 306.095492 RES
|p 3020044026
|r 2025-01-30
|t 3
|w 2025-01-30
|y BK
|x Price not available in register. Complimentary copy from Research and Evaluation Division (RED), BRAC
|
| 952 |
|
|
|0 0
|1 0
|2 ddc
|4 0
|6 306_095492000000000_RES
|7 0
|8 RPT
|9 77224
|a SCL
|b SCL
|c GEN
|d 2025-01-30
|e Complimentary copy from Research and Evaluation Division (RED), BRAC
|l 0
|o 306.095492 RES
|p 3020044024
|r 2025-01-30
|t 4
|w 2025-01-30
|y BK
|x Price not available in register. Complimentary copy from Research and Evaluation Division (RED), BRAC
|